000
00238nam a2200109Ia 4500
008
240625s9999 xx 000 0 und d
041
_a
eng
082
_a
658.3124 RUS
100
_a
RUSSELL LOU
245
_a
TRAINING TRIAGE
260
_c
2005
999
_c
34794
_d
34794